Football Players by Country #4 - Statistics

General Stats
  • This quiz has been taken 22 times
  • The average score is 24 of 52
Answer Stats
Player Country % Correct
Pelé Brazil
100%
Lothar Matthäus Germany
89%
Johan Cruyff Netherlands
89%
Fernando Torres Spain
89%
Carlos Tevez Argentina
83%
Peter Schmeichel Denmark
83%
Bobby Charlton England
83%
Paolo Rossi Italy
83%
Luís Figo Portugal
83%
Petr Čech Czech Republic
78%
Michel Platini France
78%
Ian Rush Wales
72%
Hugo Sánchez Mexico
67%
Dimitar Berbatov Bulgaria
61%
Mario Mandžukić Croatia
61%
Sokratis Papastathopoulos Greece
56%
Yaya Touré Ivory Coast
56%
Shinji Okazaki Japan
56%
Jakub Błaszczykowski Poland
56%
Diego Godín Uruguay
56%
Harry Kewell Australia
50%
Carlos Valderrama Colombia
50%
Sami Hyypiä Finland
50%
Roman Pavlyuchenko Russia
50%
Dejan Stanković Serbia
50%
Ki Sung-yueng South Korea
50%
Clint Dempsey United States
50%
Samir Handanović Slovenia
44%
Jan Ceulemans Belgium
39%
Nwankwo Kanu Nigeria
39%
Martin Škrtel Slovakia
39%
Hamit Altıntop Turkey
39%
Anatoliy Tymoshchuk Ukraine
39%
Shay Given Ireland
33%
Stephan Lichtsteiner Switzerland
33%
Vedad Ibišević Bosnia and Herzegovina
28%
Roger Milla Cameroon
28%
Sándor Kocsis Hungary
28%
Wes Morgan Jamaica
28%
Medhi Benatia Morocco
22%
Jefferson Farfán Peru
22%
Cristian Chivu Romania
22%
Iván Zamorano Chile
17%
Sulley Muntari Ghana
11%
Ali Karimi Iran
11%
Mirko Vučinić Montenegro
11%
Rabah Madjer Algeria
6%
Alexander Hleb Belarus
6%
Mahamadou Diarra Mali
6%
Dwight Yorke Trinidad and Tobago
6%
Carlos Pavón Honduras
0%
Juan Arango Venezuela
0%
No matching quizzes found
Score Distribution
Percent of People with Each Score
Percentile by Number Answered
Your Score History
You have not taken this quiz